Manual de cuidados al convaleciente / (Record no. 31148)

MARC details
000 -LEADER
campo de control de longitud fija 00618nam a2200169 i 4500
001 - NÚMERO DE CONTROL
campo de control 31148
003 - IDENTIFICADOR DE NÚMERO DE CONTROL
campo de control ES-MaACL
005 - FECHA Y HORA DE LA ÚLTIMA TRANSACCIÓN
campo de control 20230906154325.0
007 - CAMPO FIJO DE DESCRIPCIÓN FÍSICA--INFORMACIÓN GENERAL
campo de control de longitud fija t|
008 - DATOS DE LONGITUD FIJA--INFORMACIÓN GENERAL
campo de control de longitud fija 030128s1959 sp ||||1| spa d
245 00 - MENCIÓN DEL TÍTULO
Título Manual de cuidados al convaleciente /
Mención de responsabilidad, etc. por miembros de cirugía del Centro Médico Cornell del Hospital de Nueva York ; editado por John M. Beal...[traducción de Eugenio Bruguera].
260 ## - PUBLICACIÓN, DISTRIBUCIÓN, ETC.
Lugar de publicación, distribución, etc. Barcelona, etc. :
Nombre del editor, distribuidor, etc. Noguer,
Fecha de publicación, distribución, etc. [1959] (
Fabricante Bachs)
300 ## - DESCRIPCIÓN FÍSICA
Extensión 160 p. :
Otras características físicas il. ;
Dimensiones 21 cm.
700 1# - ENTRADA AGREGADA--NOMBRE PERSONAL
Nombre de persona Beal, John M.
9 (RLIN) 26774
700 1# - ENTRADA AGREGADA--NOMBRE PERSONAL
Nombre de persona Bruguera, Eugenio.
9 (RLIN) 32102
852 ## - LOCALIZACIÓN
Ubicación ES-MaACL
Número de control de estantería C-16576
Sublocalización o colección R.44798
Holdings
Estatus retirado Estado de pérdida Estado de daño No para préstamo Biblioteca de origen Biblioteca actual Ubicación en estantería Fecha de adquisición Fuente de adquisición Total de préstamos Signatura topográfica completa Código de barras Visto por última vez Precio de reemplazo Tipo de ítem Koha
        Biblioteca del Ateneo de Madrid Biblioteca del Ateneo de Madrid Galería 17/01/2008     C-16576 1032178 23/02/2023 23/02/2023 Libro impreso